Powder metallurgy (Record no. 194363)

000 -LEADER
fixed length control field 00401nam a2200157Ia 4500
008 - FIXED-LENGTH DATA ELEMENTS--GENERAL INFORMATION
fixed length control field 221229s9999 xx 000 0 und d
020 ## - INTERNATIONAL STANDARD BOOK NUMBER
International Standard Book Number 9789391818487
082 ## - DEWEY DECIMAL CLASSIFICATION NUMBER
Classification number 671.37 ANG
100 ## - MAIN ENTRY--PERSONAL NAME
Personal name Angelo, P.C and et.al.
9 (RLIN) 14433
245 #0 - TITLE STATEMENT
Title Powder metallurgy
250 ## - EDITION STATEMENT
Edition statement 2nd
260 ## - PUBLICATION, DISTRIBUTION, ETC.
Place of publication, distribution, etc. New Delhi
Name of publisher, distributor, etc. PHI
Date of publication, distribution, etc. 2023
300 ## - PHYSICAL DESCRIPTION
Extent XVI, 323p.
Other physical details Rs.695.00
650 ## - SUBJECT ADDED ENTRY--TOPICAL TERM
Topical term or geographic name entry element Production technology
942 ## - ADDED ENTRY ELEMENTS (KOHA)
Koha item type
Holdings
Withdrawn status Lost status Damaged status Not for loan Home library Current library Date acquired Full call number Barcode Date last seen Price effective from Koha item type
        Central Library Central Library 12/29/2022 671.37 ANG 24876 12/29/2022 12/29/2022 Books

Powered by Koha